[Event "WY GU18 2012"]
[Site "Maribor SLO"]
[Date "2012.11.17"]
[Round "10.17"]
[White "Real Pereyra,D"]
[Black "Krumova,A"]
[Result "1-0"]
[WhiteElo "2077"]
[BlackElo "2050"]

1.Nc3 c5 2.e4 Nc6 3.Nf3 g6 4.Bc4 Bg7 5.O-O a6 6.a4 e6 7.Qe2 Nge7 8.e5 Qc7
9.Re1 Nd4 10.Nxd4 cxd4 11.Nd1 O-O 12.b3 d6 13.f4 dxe5 14.fxe5 Nc6 15.Ba3 Bxe5
16.Bxf8 Bxh2+ 17.Kh1 Kxf8 18.Rf1 Be5 19.Qf3 Bg7 20.Nb2 Ne5 21.Qf4 Qe7 22.Rae1 g5
23.Qh2 Ng6 24.Qxh7 Bf6 25.Rf2 b6 26.Ref1 Nf4 27.g3 Bb7+ 28.Kg1 d3 29.Nxd3 Nxd3
30.Rxf6 Qc5+ 31.Kh2  1-0

[Event "WY BU18 2012"]
[Site "Maribor SLO"]
[Date "2012.11.17"]
[Round "10.16"]
[White "Sochacki,C"]
[Black "Boscolo,F"]
[Result "1-0"]
[WhiteElo "2402"]
[BlackElo "2311"]

1.e4 c5 2.Nc3 Nc6 3.Nge2 d6 4.d4 cxd4 5.Nxd4 Nf6 6.Bg5 Qb6 7.Nb3 e6 8.Qd2 Be7
9.Be2 a6 10.a4 Qb4 11.f3 Bd7 12.O-O Rc8 13.Qe3 Ne5 14.Qa7 Nc4 15.Bxc4 Qxc4
16.Qxb7 Qc6 17.Qa7 O-O 18.Rfd1 Rc7 19.Qe3 Rb8 20.Rd3 h6 21.Bxh6 gxh6 22.Qxh6 e5
23.Rf1 d5 24.Qg5+ Kf8 25.Qh6+ Kg8 26.Kh1 d4 27.Qg5+ Kf8 28.f4 dxc3 29.Rxc3 Qb6
30.a5 Qb5 31.Rcf3 Ng8 32.Qh5 exf4 33.e5 Rc4 34.Qh7 Be6 35.Re1 Rd8 36.Nc1 Qxa5
37.Ref1 Qxe5 38.Nd3 Qg7 39.Qxg7+ Kxg7 40.Nxf4 Rxf4 41.Rxf4 Nf6 42.Ra4 Rd2  1-0

[Event "WY GU16 2012"]
[Site "Maribor SLO"]
[Date "2012.11.18"]
[Round "11.41"]
[White "Kejzar,Petra"]
[Black "Machlik,Edit"]
[Result "1/2-1/2"]
[WhiteElo "1723"]
[BlackElo "1748"]

1.e4 c5 2.Nf3 Nc6 3.Nc3 d6 4.d4 cxd4 5.Nxd4 e5 6.Nb3 Nf6 7.Bc4 Be7 8.O-O Be6
9.Bd5 O-O 10.a3 a6 11.f3 Na5 12.Nxa5 Qxa5 13.Be3 Qc7 14.Rf2 Rac8 15.Qd3 Nd7
16.Bxe6 fxe6 17.Rd1 Nb6 18.Bxb6 Qxb6 19.Na4 Qc6 20.Qb3 Rf6 21.Nb6 Rd8 22.Rfd2 d5
23.Kh1 Rd6 24.Na4 dxe4 25.Rxd6 Bxd6 26.fxe4 Qxe4 27.Nc3 Qc6 28.Qa4 Qxa4 29.Nxa4 b5
30.Nc3 Rf4 31.g3 Rd4 32.Re1 Kf7 33.Ne4 Ke7 34.Kg2 Rd5 35.Kf3 Bc5 36.h3 Bd4
37.c3 Bb6 38.Ke2 h6 39.g4 Rd8 40.Rf1 Rf8 41.Rxf8 Kxf8 42.Kf3 Ke7 43.Ke2 Kd7
44.Kd2 Kc6 45.Ke2 Kd5 46.Kd3 Bd8 47.a4 Ba5  1/2-1/2

[Event "WY BU14 2012"]
[Site "Maribor SLO"]
[Date "2012.11.18"]
[Round "11.37"]
[White "Abramciuc,Marius"]
[Black "Shi,Diwen"]
[Result "1-0"]
[WhiteElo "1959"]
[BlackElo "1777"]

1.e4 c5 2.Nc3 Nc6 3.Bb5 Nd4 4.Bc4 g6 5.Nf3 Bg7 6.Nxd4 cxd4 7.Qf3 Nh6 8.d3 O-O
9.Ne2 Ng4 10.Qg3 Nf6 11.Bb3 d6 12.h4 Nh5 13.Qf3 e5 14.Bg5 Qd7 15.Ng3 Nxg3
16.Qxg3 h6 17.Bd2 Qg4 18.Qh2 Kh7 19.f3 Qd7 20.g4 Qe7 21.g5 h5 22.f4 Bg4 23.Rf1 exf4
24.Bxf4 Rad8 25.Kd2 d5 26.Bxd5 Qb4+ 27.Kc1 Rxd5 28.exd5 Re8 29.Bd2 Qc5 30.Qf2 Qxd5
31.b3 Re2 32.Qxf7 Qg2 33.Rf6 Bf5 34.Qc7 Re8 35.Rf7 Rg8 36.Bf4 Qe2 37.Be5 Qe1+
38.Kb2 Qc3+ 39.Qxc3 dxc3+ 40.Bxc3 Kh8 41.Rxg7 Rxg7 42.Re1 Kg8 43.Bxg7  1-0

[Event "WY BU14 2012"]
[Site "Maribor SLO"]
[Date "2012.11.18"]
[Round "11.27"]
[White "Van Foreest,Jorden"]
[Black "Zirkelbach,Maj"]
[Result "1-0"]
[WhiteElo "2231"]
[BlackElo "1732"]

1.e4 c5 2.Nf3 Nc6 3.Nc3 g6 4.d4 cxd4 5.Nxd4 Bg7 6.Be3 d6 7.Qd2 Nf6 8.f3 O-O
9.g4 h5 10.gxh5 Nxh5 11.O-O-O Bd7 12.Rg1 Rc8 13.Be2 Ne5 14.f4 Nc4 15.Bxc4 Rxc4
16.f5 Qe8 17.Rg5 Bf6 18.Rxh5 gxh5 19.Rg1+ Kh7 20.Qe2  1-0

[Event "Remco Heite Open 2012"]
[Site "Wolvega NED"]
[Date "2012.11.18"]
[Round "9.3"]
[White "Dgebuadze,A"]
[Black "Slingerland,F"]
[Result "1-0"]
[WhiteElo "2526"]
[BlackElo "2336"]

1.e4 c5 2.Nf3 Nc6 3.Nc3 d6 4.Bb5 Bd7 5.Bxc6 Bxc6 6.d4 cxd4 7.Qxd4 Nf6 8.Bg5 e6
9.O-O-O Be7 10.Qd3 a6 11.h4 b5 12.Nd4 Bb7 13.f3 Rc8 14.Kb1 Qc7 15.g4 b4 16.Nce2 d5
17.e5 Nd7 18.f4 Bc5 19.h5 h6 20.Bh4 Qb6 21.g5 a5 22.gxh6 Rxh6 23.Qg3 Ba6
24.Qxg7 Bxe2 25.Nxe2 Bf8 26.Qg4 a4 27.Nd4 a3 28.f5 axb2 29.fxe6 fxe6 30.Rhf1 Ra8
31.Qg8 Rf6 32.Bxf6 Nc5 33.Qxf8+  1-0

[Event "11th Kheireddine Ameyar Mem 2012"]
[Site "Algiers ALG"]
[Date "2012.11.19"]
[Round "7.13"]
[White "Khelfallah,B"]
[Black "Tamzali,B"]
[Result "1/2-1/2"]
[WhiteElo "2120"]
[BlackElo "1895"]

1.e4 c5 2.Nc3 Nc6 3.Bb5 Nd4 4.Nf3 Nxb5 5.Nxb5 d6 6.d4 a6 7.Nc3 cxd4 8.Nxd4 e5
9.Nf5 Bxf5 10.exf5 Ne7 11.Qf3 Qd7 12.f6 gxf6 13.Ne4 O-O-O 14.Qxf6 Rg8 15.Ng3 Qe6
16.Qxe6+ fxe6 17.Bd2 d5 18.O-O-O Nc6 19.Rhe1 Bc5 20.Be3 Bxe3+ 21.Rxe3 h5
22.Rg1 h4 23.Ne2 Rdf8 24.f3 Kd7 25.a3 Kd6 26.Kd1 Rg7 27.Ke1 b5 28.g3 hxg3
29.hxg3 Rgf7 30.f4 exf4 31.gxf4 e5 32.Rg6+ Rf6 33.Rxf6+ Rxf6 34.fxe5+ Nxe5
35.Nd4 Nc6  1/2-1/2

[Event "22nd World Seniors Open"]
[Site "Kamena Vourla GRE"]
[Date "2012.11.19"]
[Round "7.41"]
[White "Alavi,Mir Mahmood"]
[Black "Doubleday,W"]
[Result "1/2-1/2"]
[WhiteElo "1918"]
[BlackElo "2039"]

1.e4 c5 2.Nf3 Nc6 3.Nc3 e6 4.g3 g6 5.Bg2 Bg7 6.O-O d6 7.Re1 Nge7 8.Ne2 e5
9.c3 O-O 10.d4 h6 11.Be3 b6 12.Qc1 Kh7 13.Rd1 Qe8 14.Ne1 a5 15.h3 Ba6 16.Qc2 Rc8
17.d5 Nb8 18.h4 Rc7 19.g4 Bc8 20.f3 f5 21.gxf5 gxf5 22.f4 Qg6 23.fxe5 Bxe5
24.Nf4 Qg3 25.Qf2 Qxf2+ 26.Kxf2 fxe4 27.Bxe4+ Bf5 28.Ne6 Bxe4+ 29.Nxf8+ Kh8
30.c4  1/2-1/2

[Event "Plzen Open 2012"]
[Site "Plzen CZE"]
[Date "2012.11.19"]
[Round "2"]
[White "Privoznik,Lubos"]
[Black "Potapov,P"]
[Result "0-1"]
[WhiteElo "1671"]
[BlackElo "2434"]

1.e4 c5 2.Nc3 Nc6 3.Nge2 e5 4.Nd5 Nge7 5.Nec3 Nxd5 6.Nxd5 d6 7.Bc4 Be7 8.d3 O-O
9.O-O Rb8 10.a3 Bg5 11.f4 exf4 12.Bxf4 Be6 13.Qh5 h6 14.Bxg5 Qxg5 15.Qxg5 hxg5
16.Rf2 b5 17.Ba2 Rb7 18.Ne3 Bxa2 19.Rxa2 a5 20.Nd5 a4 21.Ra1 f6 22.g4 Ne5
23.h3 Kf7 24.Ne3 Ke6 25.Kg2 Rh8 26.Rd2 Ng6 27.Nd5 Ra8 28.c3 Ne5 29.Rc1 Rf8
30.Kg3 g6 31.d4 Nc4 32.Re2 f5 33.Rf1 Rbf7 34.Kg2 fxe4 35.Rxf7 Rxf7 36.Ne3 Nxe3+
37.Rxe3 Kd5 38.Re2 cxd4 39.cxd4 Kxd4  0-1

[Event "Malta Open 2012"]
[Site "Bugibba MLT"]
[Date "2012.11.21"]
[Round "4"]
[White "Petrov,Marij"]
[Black "Schunk,T1"]
[Result "1-0"]
[WhiteElo "2512"]
[BlackElo "2245"]

1.e4 c5 2.Nc3 Nc6 3.Nf3 g6 4.d4 cxd4 5.Nxd4 Bg7 6.Be3 a6 7.Nd5 Bxd4 8.Bxd4 Nxd4
9.Qxd4 Nf6 10.Nb6 Rb8 11.e5 Ng4 12.Nxc8 Rxc8 13.Qxg4 Rxc2 14.Qd4 Qc7 15.Be2 O-O
16.Bd3 Rc5 17.f4 Rd8 18.Qe3 d5 19.O-O e6 20.Qd4 Rc8 21.Rae1 b5 22.h4 h5 23.Kh2 Qe7
24.Kh3 a5 25.a3 Kf8 26.Rg1 R8c7 27.g4 hxg4+ 28.Rxg4 Rc1 29.Rxc1 Rxc1 30.Bxb5 Rh1+
31.Kg2 Re1 32.Qb6 Kg7 33.h5 Rd1 34.hxg6 fxg6 35.f5  1-0

[Event "22nd World Seniors Women"]
[Site "Kamena Vourla GRE"]
[Date "2012.11.21"]
[Round "8.10"]
[White "Savostina,Larisa"]
[Black "Kabanova,I"]
[Result "0-1"]
[WhiteElo "1620"]
[BlackElo "1976"]

1.e4 c5 2.Nc3 Nc6 3.Nf3 e6 4.a3 a6 5.d4 cxd4 6.Nxd4 Qc7 7.Be3 Nf6 8.Bd3 Be7
9.O-O O-O 10.Rb1 d6 11.h3 b5 12.Nce2 Bb7 13.f3 d5 14.Nxc6 Bxc6 15.exd5 Nxd5
16.Bf2 Bg5 17.c4 bxc4 18.Bc2 Be3 19.Be4 Bxf2+ 20.Rxf2 Nf6 21.Bxc6 Qxc6 22.Qc2 Rac8
23.Rc1 Qb7 24.Nc3 h6 25.Qd1 Rfd8 26.Rd2 Qb6+ 27.Kh1 Rxd2 28.Qxd2 Rd8 29.Qe2 Rd3
30.Qc2 Qd6 31.Rd1 Qd4 32.Rg1 Rd2 33.Qc1 Qd6 34.Rd1 Rd3 35.Rg1 Qd4  0-1

[Event "22nd World Seniors Open"]
[Site "Kamena Vourla GRE"]
[Date "2012.11.21"]
[Round "8.15"]
[White "Van Riemsdijk,H"]
[Black "Dekan,H"]
[Result "1-0"]
[WhiteElo "2388"]
[BlackElo "2169"]

1.e4 c5 2.Nf3 Nc6 3.Nc3 d6 4.d4 cxd4 5.Nxd4 g6 6.Be3 Bg7 7.Qd2 Nf6 8.f3 O-O
9.O-O-O a6 10.Kb1 Nxd4 11.Bxd4 Be6 12.h4 h5 13.g4 hxg4 14.h5 Nxh5 15.Bxg7 Kxg7
16.Rxh5 gxh5 17.Qg5+ Kh7 18.Qxh5+ Kg7 19.Qg5+  1-0

[Event "VIII Governor's Cup"]
[Site "Khanty-Mansiysk RUS"]
[Date "2012.11.22"]
[Round "8.2"]
[White "Onischuk,V"]
[Black "Timofeev,Arty"]
[Result "0-1"]
[WhiteElo "2563"]
[BlackElo "2600"]

1.e4 c5 2.Nf3 Nc6 3.Nc3 e5 4.Bc4 d6 5.d3 Be7 6.Nd2 Bg5 7.Nf1 Bxc1 8.Rxc1 Nf6
9.Ne3 O-O 10.O-O Be6 11.f4 exf4 12.Rxf4 Ne5 13.Qd2 Nh5 14.Rf2 Qg5 15.Rcf1 Nxc4
16.dxc4 Qe5 17.Rd1 Rad8 18.Nf5 Nf6 19.Qg5 g6 20.Rxd6 Kh8 21.Qd2 Rde8 22.Ng3 Kg7
23.Qf4 Ng4 24.Qxe5+ Nxe5 25.b3 h5 26.h3 h4 27.Nf1 f6 28.Ne3 Nf7 29.Rd1 Bc8
30.Ned5 f5 31.exf5 Bxf5 32.Rdd2 Ng5 33.Rde2 a6 34.Ne3 Bd7 35.Rxf8 Kxf8 36.Kf2 Kg7
37.a4 Ne6 38.Rd2 Bc6 39.Rd6 Nd4 40.Ncd5 a5 41.g3 hxg3+ 42.Kf1 g2+ 43.Kf2 Bxd5
44.Rd7+ Bf7  0-1

[Event "48th American Open"]
[Site "Anaheim USA"]
[Date "2012.11.23"]
[Round "4"]
[White "Khachiyan,M"]
[Black "Krishnan,V"]
[Result "1-0"]
[WhiteElo "2479"]
[BlackElo "2217"]

1.e4 c5 2.Nf3 Nc6 3.Nc3 d6 4.d4 cxd4 5.Nxd4 Nf6 6.Be2 e5 7.Nb3 Be7 8.O-O O-O
9.Be3 a5 10.Nd2 Be6 11.Nc4 b5 12.Nxb5 Nxe4 13.f3 Bxc4 14.Bxc4 Nf6 15.Nc3 Rc8
16.Bb3 Nb4 17.a3 Na6 18.Ne4 Nxe4 19.fxe4 Nc5 20.Bd5 Na4 21.Qh5 Bf6 22.Rf3 g6
23.Qh3 Nb6 24.Bxb6 Qxb6+ 25.Kh1 Qd8 26.Raf1 Rxc2 27.g3 Bg7 28.Bxf7+ Kh8 29.Bxg6 h6
30.Rxf8+ Bxf8 31.Qe6 Bg7 32.Rf7 Rc1+ 33.Kg2 Rc2+ 34.Kf3 Qg8 35.Bf5 Rxb2 36.Qg6 Rb8
37.Ra7 d5 38.Be6 dxe4+ 39.Kxe4 Qh7 40.Qxh7+ Kxh7 41.Rxa5 Kg6 42.Ra6 Rb2 43.h4 Re2+
44.Kf3 Re1 45.Bd5+ Bf6 46.Be4+ Kf7 47.a4 Ra1 48.Kg4 Bd8 49.Rxh6 Rxa4 50.Kf5 Ra1
51.Rh7+ Kg8 52.Rd7 Rf1+ 53.Ke6 Rf8 54.h5 Bg5 55.Kxe5 Bh6 56.Bd5+ Kh8 57.Bf7 Kg7
58.Be6+ Kh8 59.g4 Bg5 60.Rb7 Bf4+ 61.Ke4 Bh6 62.Bf5 Rf6 63.Ke5 Bg5 64.Be6 Rf8
65.Bf7 Kg7 66.Ke6 Ra8 67.Kf5 Be3 68.Bd5+ Kh8 69.g5 Rd8 70.Be6 Re8 71.g6 Rf8+
72.Ke4 Rf4+ 73.Ke5 Bd4+ 74.Kxf4 Be5+ 75.Kf5 Bc7 76.h6  1-0

[Event "ch-Commonwealth 2012"]
[Site "Chennai IND"]
[Date "2012.11.23"]
[Round "1"]
[White "Venkatesh,M"]
[Black "Prathish,A"]
[Result "1-0"]
[WhiteElo "2520"]
[BlackElo "1744"]

1.e4 c5 2.Nc3 Nc6 3.Bb5 e6 4.Bxc6 bxc6 5.d3 d5 6.f4 d4 7.Nce2 Bd6 8.Nf3 Ne7
9.O-O O-O 10.Ng3 f5 11.Qe2 Ng6 12.e5 Bc7 13.Nd2 Ne7 14.Nc4 Nd5 15.Bd2 h6
16.Nh1 Rb8 17.Rf3 Bd7 18.Rh3 Be8 19.g4 fxg4 20.Qxg4 Kh7 21.Ng3 Qd7 22.Ne4 Qe7
23.Rg3 Rf5 24.Ncd6 Bxd6 25.Nxd6 Rf8 26.f5 exf5 27.Nxf5 Qxe5 28.Re1 h5 29.Rxe5 hxg4
30.Rxg4 Rxb2 31.Rxg7+ Kh8 32.Rg3 Rxc2 33.Bh6 Rxf5 34.Rxf5 Kh7 35.Rh3 Kg6
36.Rf8 Bf7 37.Rg3+ Kh7 38.Bg7 Bg8 39.Be5 Ne3 40.Rg7+ Kh6 41.Rfxg8 Rc1+ 42.Kf2 Rc2+
43.Kf3  1-0

[Event "22nd World Seniors Open"]
[Site "Kamena Vourla GRE"]
[Date "2012.11.23"]
[Round "10.13"]
[White "Sinelnikov,I"]
[Black "Malmdin,N"]
[Result "0-1"]
[WhiteElo "2090"]
[BlackElo "2296"]

1.e4 c5 2.Nc3 Nc6 3.Nf3 g6 4.g3 Bg7 5.Bg2 d6 6.O-O e6 7.d3 Nge7 8.Be3 Nd4
9.Qd2 Bd7 10.Nh4 O-O 11.Nd1 e5 12.c3 Ndc6 13.Bh6 f5 14.Bxg7 Kxg7 15.exf5 Nxf5
16.Nxf5+ Bxf5 17.Ne3 Be6 18.a3 Qd7 19.b4 Rf7 20.b5 Ne7 21.d4 Rd8 22.dxc5 dxc5
23.Qxd7 Rxd7 24.Rfd1 b6 25.Rxd7 Bxd7 26.c4 Nf5 27.Ng4 Re7 28.Re1 Nxg3 29.Nxe5 Nf5
30.f4 Nd4 31.Kf2 Bf5 32.a4 Bc2 33.Ra1 g5 34.Nc6 Rf7 35.Kg1 Ne2+ 36.Kh1 Nxf4
37.Ne5 Re7 38.Nc6 Re2 39.Bf3 Rf2 40.Ne5 h5 41.Bc6 g4 42.h4 g3 43.Nf3 Ne2
44.Rg1 Nxg1 45.Kxg1 Bxa4 46.Ng5 Rc2 47.Bd5 Bb3 48.Ne4 Kh6  0-1

[Event "9th Vasylyshyn Mem IM"]
[Site "Lviv UKR"]
[Date "2012.11.23"]
[Round "4"]
[White "Terletsky,O"]
[Black "Meleshko,V"]
[Result "1-0"]
[WhiteElo "2259"]
[BlackElo "2256"]

1.e4 c5 2.Nf3 Nc6 3.Nc3 d6 4.d4 cxd4 5.Nxd4 Nf6 6.Bc4 g6 7.Nxc6 bxc6 8.e5 Ng4
9.e6 f5 10.O-O Bg7 11.Bf4 O-O 12.Bxd6 Ne5 13.Bxe5 Bxe5 14.Qxd8 Rxd8 15.Rad1 Bd6
16.Na4 Kg7 17.Rfe1 Rb8 18.b3 Kf6 19.Nc5 Rb6 20.a4 Rb4 21.Nd3 Rxc4 22.bxc4 Bxe6
23.c5 Bc7 24.Nb4 Rc8 25.Rd3 Ba5 26.c3 Bb3 27.Rd7 Bxa4 28.Rxa7 Bxb4 29.cxb4 Bb3
30.Raxe7 Rb8 31.Rxh7 Rxb4 32.Rb1 Rc4 33.h4 Ba4 34.Ra1 Bb5 35.Rd1 Rxc5 36.Rd6+ Ke5
37.Rxg6 Rc1+ 38.Kh2 c5 39.h5  1-0

[Event "2nd UNAM Open Section I 2012"]
[Site "Mexico City MEX"]
[Date "2012.11.23"]
[Round "4.11"]
[White "Tapie,P"]
[Black "Martin del Campo,R"]
[Result "1/2-1/2"]
[WhiteElo "2221"]
[BlackElo "2421"]

1.e4 c5 2.Nf3 Nc6 3.Nc3 e5 4.Bc4 d6 5.d3 Be7 6.Nd2 Bg5 7.Nf1 Bxc1 8.Rxc1 Nf6
9.Ne3 O-O 10.O-O a6 11.Ncd5 Nxd5 12.Bxd5 Ne7 13.Bb3 Be6 14.c3 d5 15.d4 cxd4
16.cxd4 exd4 17.Qxd4 Nc6 18.Qa4 d4 19.Nd5 Kh8 20.Ne3 Kg8 21.Bxe6 fxe6 22.Rfd1 Qh4
23.Rf1 Ne7 24.Qxd4 Nc6 25.Qd8 Qxd8 26.Rc3 b5 27.Rfc1 g6 28.g3 Qd5 29.exd5 Nb8
30.Ra1  1/2-1/2

[Event "6th Festival Week-end Dicembrino"]
[Site "Vimercate ITA"]
[Date "2012.11.24"]
[Round "3.4"]
[White "Marholev,D"]
[Black "Lapiccirella,M"]
[Result "1-0"]
[WhiteElo "2313"]
[BlackElo "2197"]

1.e4 c5 2.Nc3 Nc6 3.Bb5 g6 4.Bxc6 dxc6 5.d3 Nf6 6.f4 Bg7 7.h3 e5 8.Nf3 exf4
9.Bxf4 O-O 10.Qd2 c4 11.Bh6 cxd3 12.Bxg7 Kxg7 13.O-O-O Be6 14.cxd3 Qa5 15.Ng5 Bxa2
16.Nxa2 Qxa2 17.Qc3 h6 18.Rdf1 hxg5 19.h4 Rh8 20.Qxf6+ Kg8 21.h5 Qe6 22.Qxg5 Kg7
23.Rf6 Qa2 24.h6+ Kh7 25.Rxg6 Qa1+ 26.Kc2 Qa4+ 27.Kb1 fxg6 28.Qe7+  1-0

[Event "XXVI Belgrade Trophy 2012"]
[Site "Belgrade SRB"]
[Date "2012.11.25"]
[Round "2.8"]
[White "Stojanovic,Da"]
[Black "Cetkovic,Mi"]
[Result "1-0"]
[WhiteElo "2488"]
[BlackElo "2230"]

1.e4 c5 2.Nc3 Nc6 3.Bb5 g6 4.Bxc6 bxc6 5.d3 Bg7 6.f4 d6 7.Nf3 Nh6 8.O-O Rb8
9.Qe1 f5 10.e5 O-O 11.b3 Nf7 12.Na4 dxe5 13.fxe5 Nxe5 14.Nxe5 Qd4+ 15.Be3 Qxe5
16.Rd1 Re8 17.Qf2 Qc7 18.Bxc5 Rb7 19.Rde1 e5 20.Re2 Qa5 21.Qe1 Qd8 22.Bf2 Qd5
23.Qd2 Rf7 24.Rfe1 f4 25.Nc3 Qd8 26.Bc5 Bg4 27.Rf2 Bf5 28.Ne4 Rd7 29.Qb4 Bxe4
30.Rxe4 Qg5 31.Qa4 Rc8 32.Qa6 Qd8 33.a4 g5 34.Bxa7 g4 35.Bb6 Qf8 36.Bc5 Qd8
37.g3 Rd5 38.Qc4 fxg3 39.hxg3 h5 40.Rf5 Qe8 41.Re1 Qg6 42.Ref1 Re8 43.Be3 Re6
44.Qe4 Bf6 45.Kg2 Rd7 46.a5 Rh7 47.Qc4  1-0

[Event "ch-Commonwealth 2012"]
[Site "Chennai IND"]
[Date "2012.11.25"]
[Round "4"]
[White "Tiviakov,S"]
[Black "Praneeth,S"]
[Result "1-0"]
[WhiteElo "2659"]
[BlackElo "2246"]

1.e4 c5 2.Nc3 Nc6 3.Bb5 Nd4 4.Nf3 Nxb5 5.Nxb5 a6 6.Nc3 d6 7.d4 cxd4 8.Qxd4 e5
9.Qd3 h6 10.Nd2 Nf6 11.Nc4 Be6 12.Be3 d5 13.exd5 Nxd5 14.Nxe5 Nxc3 15.bxc3 Qc7
16.Nf3 Be7 17.Bd4 O-O 18.Nd2 Bd6 19.h3 Bf4 20.O-O Bxd2 21.Qxd2 Bc4 22.Rfe1 Rfe8
23.Re3 Rxe3 24.Qxe3 Bb5 25.Qe4 Qd7 26.c4 Bc6 27.Qd3 Rd8 28.Rd1 Qe6 29.c3 Qe4
30.Qg3 f6 31.Rd3 Rd7 32.Re3 Qb1+ 33.Kh2 Rf7 34.Re6 Qf5 35.Qe3 Qg5 36.Rxc6 bxc6
37.Qe8+ Rf8 38.Qxc6 a5 39.Qe6+ Kh8 40.c5  1-0

[Event "ch-Commonwealth 2012"]
[Site "Chennai IND"]
[Date "2012.11.25"]
[Round "4"]
[White "Dzhumaev,M"]
[Black "Rajesh,VA"]
[Result "1-0"]
[WhiteElo "2530"]
[BlackElo "2370"]

1.e4 c5 2.Nc3 Nc6 3.Bb5 Nd4 4.Nf3 a6 5.Bd3 Nxf3+ 6.Qxf3 d6 7.O-O g6 8.Qg3 Bg7
9.f4 b5 10.Be2 e6 11.d3 Ne7 12.f5 exf5 13.Bg5 Bd4+ 14.Kh1 f6 15.Bh6 b4 16.Nd1 Be5
17.Qh4 Kf7 18.c3 d5 19.d4 cxd4 20.cxd4 Bd6 21.Ne3 dxe4 22.g4 f4 23.Bc4+ Be6
24.d5 Bc8 25.Bxf4 Ng8 26.Qg3 Bxf4 27.Rxf4 Kg7 28.Raf1 Ra7 29.g5 f5 30.Rxe4 h6
31.Qe5+ Kh7 32.Nxf5 Qxg5 33.Nd6 Bf5 34.Nxf5 gxf5 35.Qxf5+ Qxf5 36.Rxf5 Kg6
37.Rf8 Nf6 38.Rxh8 Nxe4 39.Re8 Ng5 40.Kg2 a5 41.d6 Rd7 42.h4 Nf7 43.h5+ Kg7
44.Re7 Rxe7 45.dxe7 Nd6 46.Kf3 Kf6 47.Bd3 Kxe7 48.Ke3 Nf7 49.Ke4 Kd6 50.Kf5 Ne5
51.Be2 Nc6 52.Kg6 Ke7 53.Kxh6 Kf6 54.Kh7 Ne5 55.Kg8 Nf7 56.Kf8 a4 57.a3 bxa3
58.bxa3 Nd6 59.Bd3 Kg5 60.Ke7 Nb7 61.Bg6 Na5 62.Bf7 Nc6+ 63.Kf8 Kh6 64.Be8 Ne5
65.Bb5 Kxh5 66.Ke7 Kg5 67.Ke6 Ng6 68.Bxa4 Kf4 69.Bb3 Ne5 70.a4 Nd3 71.Kd6 Nb4
72.a5 Ke4 73.Kc5 Na6+ 74.Kb6 Nb8 75.Ba4 Kd4 76.Kb7 Kc5 77.Kxb8  1-0

[Event "XXVI Belgrade Trophy 2012"]
[Site "Belgrade SRB"]
[Date "2012.11.26"]
[Round "3.35"]
[White "Cetkovic,Mi"]
[Black "Rajkovic,Mladen"]
[Result "1/2-1/2"]
[WhiteElo "2230"]
[BlackElo "1935"]

1.e4 c5 2.Nc3 Nc6 3.Nge2 g6 4.h3 Bg7 5.g4 e6 6.Bg2 Nge7 7.Ng3 O-O 8.d3 Rb8
9.Bf4 d6 10.Qd2 Nd4 11.O-O-O Re8 12.Bh6 Bh8 13.f4 b5 14.Nce2 Nec6 15.Nxd4 Nxd4
16.c3 Nc6 17.e5 d5 18.Bg5 Qa5 19.Kb1 c4 20.d4 b4 21.Ne2 Ba6 22.f5 bxc3 23.Qxc3 Bg7
24.Qxa5 Nxa5 25.Bd2 Nc6 26.Bc3 Nb4 27.Nc1 Rb6 28.f6 Bh6 29.Bf1 Reb8 30.h4 Nc6
31.Ne2 Bf8 32.Rd2 Bb4 33.Rh3 Ba3 34.Kc1 Bf8 35.g5 h5  1/2-1/2

[Event "XXVI Belgrade Trophy 2012"]
[Site "Belgrade SRB"]
[Date "2012.11.27"]
[Round "4.21"]
[White "Kontic,D"]
[Black "Tisma,I"]
[Result "1-0"]
[WhiteElo "2336"]
[BlackElo "2152"]

1.e4 c5 2.Nc3 Nc6 3.Nf3 Nf6 4.Bc4 e6 5.Qe2 d6 6.O-O Be7 7.Rd1 O-O 8.d4 cxd4
9.Nxd4 Qa5 10.Nb3 Qh5 11.Qf1 Rd8 12.f4 d5 13.Be2 Qg6 14.e5 Ne4 15.Nxe4 Qxe4
16.c3 a6 17.Bd3 Qa4 18.Be3 Bd7 19.Qf2 Rdc8 20.Nc5 Bxc5 21.Bxc5 Nd8 22.Bd6 b6
23.Bc2 Qc6 24.Qh4 h6 25.Rd3 Nb7 26.Be7 Nc5 27.Rg3 Ne4 28.Bxe4  1-0

[Event "35th ch-GRE w 2012"]
[Site "Athens GRE"]
[Date "2012.11.28"]
[Round "5"]
[White "Ikonomopoulou,M"]
[Black "Pavlidou,E"]
[Result "0-1"]
[WhiteElo "2108"]
[BlackElo "2185"]

1.e4 c5 2.Nf3 Nc6 3.Nc3 e5 4.Bc4 Be7 5.d3 Nf6 6.Ng5 O-O 7.f4 exf4 8.O-O Ne5
9.Bxf4 d6 10.h3 a6 11.a4 h6 12.Nf3 Qc7 13.Qd2 Be6 14.b3 b5 15.axb5 axb5 16.Rxa8 Rxa8
17.Nxb5 Qb8 18.Nxe5 dxe5 19.Bxh6 gxh6 20.Qxh6 Qf8 21.Rxf6 Bxf6 22.Qxf6 Qg7
23.Qxg7+ Kxg7 24.Bxe6 fxe6 25.Kf2 Ra2 26.g4 Rxc2+ 27.Kf3 Rh2 28.Kg3 Rd2 29.Nc7 Rxd3+
30.Kh4 Kf7 31.Nb5 Kg6 32.Na3 Rxb3 33.Nc4 Kf6 34.g5+ Kg7 35.Kg4 Rb4 36.Nd6 Rd4
37.Ne8+ Kf7 38.Nf6 c4 39.Kh5 c3 40.Ng4 c2 41.g6+  0-1

[Event "XXVI Belgrade Trophy 2012"]
[Site "Belgrade SRB"]
[Date "2012.11.29"]
[Round "6.15"]
[White "Kontic,D"]
[Black "Demir,G"]
[Result "1-0"]
[WhiteElo "2336"]
[BlackElo "2212"]

1.e4 c5 2.Ne2 Nc6 3.Nbc3 Nf6 4.d4 cxd4 5.Nxd4 d6 6.Bc4 e6 7.Be3 a6 8.Qe2 Qc7
9.O-O-O Be7 10.Bb3 Na5 11.Kb1 b5 12.f3 Nxb3 13.cxb3 O-O 14.Rc1 Qb7 15.g4 Bd7
16.h4 Rfc8 17.h5 b4 18.Na4 Bxa4 19.bxa4 Rxc1+ 20.Rxc1 Rc8 21.Rxc8+ Qxc8 22.Qc2 Qxc2+
23.Kxc2 d5 24.Nc6 Kf8 25.e5 Nd7 26.f4 f6 27.a5 fxe5 28.fxe5 Ke8 29.Bd4 Bf8
30.a3 bxa3 31.b4 a2 32.Kb2 a1=Q+ 33.Kxa1 Be7 34.b5 axb5 35.a6 Bc5 36.Bxc5  1-0

[Event "XXVI Belgrade Trophy 2012"]
[Site "Belgrade SRB"]
[Date "2012.11.30"]
[Round "7.14"]
[White "Sarenac,I"]
[Black "Stankovic,Iv"]
[Result "1-0"]
[WhiteElo "2383"]
[BlackElo "2217"]

1.e4 c5 2.Nc3 Nc6 3.Bb5 g6 4.Bxc6 dxc6 5.d3 Bg7 6.f4 Nf6 7.Nf3 O-O 8.Be3 b6
9.h3 Ne8 10.g4 Nc7 11.Qd2 Ne6 12.O-O-O Nd4 13.Rdf1 b5 14.f5 Qa5 15.Kb1 Rd8
16.Bh6 b4 17.Nd1 Nxf3 18.Rxf3 Be5 19.Qe2 Ba6 20.b3 Qc7 21.Rhf1 Qd6 22.fxg6 hxg6
23.Bf4 Rf8 24.Bxe5 Qxe5 25.Qf2 f6 26.g5 Kg7 27.Ne3 Bc8 28.h4 Be6 29.h5 Qxg5
30.hxg6 Qe5 31.Rf5 Qd4 32.Rxc5 Qd6 33.Rg1 Rh8 34.Nf5+ Bxf5 35.exf5 Rh2 36.Qe3 Re8
37.Re1 Rh5 38.Ra5 Qc7 39.Rxa7 Qd6 40.Rxe7+ Rxe7 41.Qxe7+ Qxe7 42.Rxe7+ Kh6
43.Rh7+  1-0

[Event "Vietnam National Masters Men 2012"]
[Site "Ho Chi Minh City VIE"]
[Date "2012.11.30"]
[Round "3.3"]
[White "Hoang Canh Huan"]
[Black "Vo Thanh Ninh"]
[Result "0-1"]
[WhiteElo "2391"]
[BlackElo "2306"]

1.e4 c5 2.Nc3 Nc6 3.Bb5 g6 4.Bxc6 dxc6 5.d3 e5 6.f4 exf4 7.Bxf4 Bg7 8.Nf3 Bg4
9.Qd2 Bxf3 10.gxf3 Nf6 11.O-O-O Nh5 12.Bg5 Bxc3 13.bxc3 f6 14.Be3 Qa5 15.Kb1 O-O-O
16.Rhe1 Ng7 17.f4 f5 18.Bf2 fxe4 19.Rxe4 Nf5 20.Qe1 b6 21.Re6 Qb5+ 22.Kc1 Qa4
23.Qe4 Qxe4 24.dxe4 Rxd1+ 25.Kxd1 Rd8+ 26.Ke2 Nd6 27.Bh4 Rd7 28.Be7 Nb5 29.f5 Nxc3+
30.Kf3 gxf5 31.exf5 Rd5 32.Kg4 Rd4+ 33.Kh5 Rd2 34.Bh4 Nd5 35.Bg3 Kd7 36.c4 Ne7
37.Kg5 b5 38.Re4 bxc4 39.f6 Rd5+ 40.Kh6 Ng8+ 41.Kg7 Rg5+ 42.Kf8 Nxf6 43.Re7+ Kc8
44.Rc7+ Kd8 45.Rxa7 Nd7+ 46.Kf7 Rf5+ 47.Kg7 c3 48.Ra3 Rf3 49.Bh4+ Kc8 50.Bg5 Rh3
51.Bf4 h5 52.Rb3 Rh4 53.Bc1 Rxh2 54.Rxc3 Rxa2 55.Ba3 Rh2 56.Kg6 Rh1 57.Kg5 Kc7
58.Bc1 Kb6 59.Rb3+ Ka6 60.Be3 c4 61.Rb4 Rh3 62.Rxc4 Kb5 63.Re4 c5 64.Bxc5 Kxc5
65.Re7 Nf8 66.Re8 Nd7 67.Rh8 Rg3+ 68.Kh4 Rg4+ 69.Kh3 Rg5 70.Kh4 Rg4+ 71.Kh3 Rg1
72.Rxh5+ Kd4 73.Kh2 Rg4 74.Kh3 Rg1 75.Kh2 Rg6 76.Rh4+ Ke3 77.Ra4 Nc5 78.Ra3+ Kf4
79.Ra8 Ne4 80.Rf8+ Nf6 81.Ra8 Nd5 82.Rf8+ Ke4 83.Ra8 Kf3 84.Rf8+ Nf4 85.Rh8 Rg4
86.Rh7 Kf2 87.Rh8 Rg2+ 88.Kh1 Rg7 89.Kh2 Ng6 90.Kh1 Nf4 91.Kh2 Ng6  0-1

[Event "XXVI Belgrade Trophy 2012"]
[Site "Belgrade SRB"]
[Date "2012.12.01"]
[Round "8.12"]
[White "Sarenac,I"]
[Black "Carnic,S"]
[Result "1-0"]
[WhiteElo "2383"]
[BlackElo "2341"]

1.e4 c5 2.Nc3 Nc6 3.Bb5 Nd4 4.Nf3 g6 5.Bc4 Bg7 6.Nxd4 cxd4 7.Qf3 Nh6 8.Ne2 O-O
9.O-O d6 10.h3 Be6 11.Bxe6 fxe6 12.Qb3 Qd7 13.d3 Nf7 14.c3 dxc3 15.Nxc3 Ne5
16.Ne2 Nc6 17.Be3 Kh8 18.Rac1 Rac8 19.a4 e5 20.Qb5 Rc7 21.Rc3 e6 22.Rcc1 Bf6
23.f4 exf4 24.Nxf4 Bg7 25.Rf2 Rd8 26.Qg5 Nd4 27.Rcf1 Qe7 28.Nxg6+ hxg6 29.Qxg6 Qe8
30.Rf7 Ne2+ 31.Kh2 Be5+ 32.g3 Rxf7 33.Rxf7 Qxf7 34.Qxf7 Nxg3 35.Bf4 Rg8 36.Bxe5+ dxe5
37.Qxg8+  1-0

[Event "22nd TCh-SLO 2012"]
[Site "Slovenia SLO"]
[Date "2012.12.01"]
[Round "5"]
[White "Justin,M"]
[Black "Gjuran,D"]
[Result "1/2-1/2"]
[WhiteElo "2323"]
[BlackElo "2336"]

1.e4 c5 2.Nf3 Nc6 3.Nc3 g6 4.d4 cxd4 5.Nxd4 Bg7 6.Be3 Nf6 7.Bc4 O-O 8.Bb3 a5
9.f3 d5 10.exd5 Nb4 11.Nde2 a4 12.Nxa4 Nfxd5 13.Bf2 b5 14.Nac3 Nxc3 15.bxc3 Qxd1+
16.Rxd1 Nxa2 17.Ra1 Be6 18.Bxe6 fxe6 19.Bd4 e5 20.Be3 Rfc8 21.O-O Ra4 22.Bd2 b4
23.Nc1 bxc3 24.Be1 Rca8 25.Rxa2 Rxa2 26.Nxa2 Rxa2 27.Bxc3 Rxc2 28.Ba1 e4
29.fxe4 Re2 30.Bxg7 Kxg7 31.Rf4 e5 32.Rh4 h5 33.Kf1 Re3 34.Kf2 Ra3 35.Rh3 Rxh3
36.gxh3 Kf6 37.h4 g5 38.Kg3 g4 39.Kf2 Ke6 40.Ke3 Kd6 41.Kd3 Kc5 42.Kc3  1/2-1/2